01001nam a2200181 a 4500008004100000050001500041100002200056245002500078246004400103260005900147300002900206350000900235995013700244995016200381999001700543952013400560952012500694120416s1975 ||||||||||||||||| || u aRA 967 Cal aCalderhead, James10aHospitals for people aa look at some new buildings in England aLondonbKing Edward's Hospital Fund for Departmec1975 a63 pages : illustrations a0.00 aBINDERY (DAMAGED)D0.00e705269FCBU-MAIN LIBRARY (Kitwe)H2I0.00jRA 967 CalUDAMAGEDy015116ZMain Library Open Access Collection aANNEX COLLECTION (Main Library)D0.00e705270FCBU-MAIN LIBRARY (Kitwe)H1I0.00jRA 967 CalM1UAVAILABLEWApr 10, 2007y015115ZAnnex Low-Usage Collection  c76342d76342 00102lcc4070a001b001cMain Library Open Access Collectiond2023-04-25l0oRA 967 Calp015116r2023-04-25t1w2023-04-25y002 00102lcc4070a001b001cAnnex Low-Usage Collectiond2023-04-25l0oRA 967 Calp015115r2023-04-25t2w2023-04-25y002